Normal view
MARC view
Entry Personal Name
001 - CONTROL NUMBER
- control field: 19503
003 - CONTROL NUMBER IDENTIFIER
- control field: OSt
005 - DATE AND TIME OF LATEST TRANSACTION
- control field: 20251028144240.0
008 - FIXED-LENGTH DATA ELEMENTS
- fixed length control field: 251028|| aca||aabn | a|a d
040 ## - CATALOGING SOURCE
- Original cataloging agency: OSt
- Transcribing agency: OSt
100 ## - HEADING--PERSONAL NAME
- Personal name: Kavuri, Chandra
670 ## - SOURCE DATA FOUND
- Source citation: Work cat.: (OSt)9585: Kavuri, Chandra, Microprocessors: a step-wise approach to advanced processors
